NHL Roster - Colorado Avalanche 2026 - Statistics

General Stats
  • This quiz has been taken 16 times
  • The average score is 11 of 26
Answer Stats
Birthplace Player Name % Correct
Defencemen 8 Alberta, CAN Cale Makar
86%
Defencemen 7 British Columbia, CAN Devon Toews
86%
Goaltenders 39 Ontario, CAN Mackenzie Blackwood
86%
Forwards 29 Nova Scotia, CAN Nathan MacKinnon
86%
Forwards 62 Piikkio, FIN Artturi Lehkonen
71%
Forwards 92 Stockholm, SWE Gabriel Landeskog
71%
Forwards 88 Nove Mesto na Morave, CZE Martin Necas
71%
Goaltenders 41 Ontario, CAN Scott Wedgewood
71%
Defencemen 84 Ontario, CAN Brent Burns
57%
Forwards 11 Minnesota, USA Brock Nelson
57%
Defencemen 27 Alberta, CAN Brett Kulak
43%
Forwards 18 New York, USA Jack Drury
43%
Forwards 94 Vantaa, FIN Joel Kiviranta
43%
Forwards 91 Ontario, CAN Nazem Kadri
43%
Forwards 10 Quebec, CAN Nicolas Roy
43%
Defencemen 42 Illinois, USA Josh Manson
29%
Forwards 25 Texas, USA Logan O'Connor
29%
Forwards 17 Alberta, CAN Parker Kelly
29%
Defencemen 15 Minnesota, USA Jack Ahcan
14%
Defencemen 37 Michigan, USA Nick Blankenburg
14%
Forwards 20 New Jersey, USA Ross Colton
14%
Defencemen 70 Minnesota, USA Sam Malinski
14%
Defencemen 45 New Hampshire, USA Alex Gagne
0%
Goaltenders 35 Umea, SWE Isak Posch
0%
Forwards 13 Chelyabinsk, RUS Valeri Nischushkin
0%
Forwards 93 Berdsk, RUS Zakhar Bardakov
0%
No matching quizzes found
Score Distribution
Percent of People with Each Score
Percentile by Number Answered
Your Score History
You have not taken this quiz